000 00707nam a2200289Ia 4500
005 20260324123444.0
008 008 260324s9999 xx 000 0 eng d
020 _a9780203127148
037 _aEBOOK
040 _aCRL
040 _beng
040 _cCRL
041 _2eng
041 _aeng
084 _qCRL
100 _aNik Hynek
_91170373
245 0 _aHuman Security as Statecraft
245 0 _bStructural Conditions, Articulations and Unintended Consequences
260 _bTaylor and Francis
260 _c2012
365 _a
365 _b240
856 _uhttp://www.taylorfrancis.com/books/9780203127148
942 _cEBOOK
999 _c1763913
_d1763913